Anibal ponce o los deberes de la inteligencia /
Guardado en:
| Autor Principal: | |
|---|---|
| Formato: | Libro |
| Publicado: |
Buenos Aires :
Futuro,
1958
|
| Series: | Serie De Escritores Modernos
|
| Materias: | |
| Etiquetas: |
Agregar Etiqueta
Sin Etiquetas, Sea el primero en etiquetar este registro!
|
| LEADER | 00579nam a22001935a 4500 | ||
|---|---|---|---|
| 001 | EHU.bham024352 | ||
| 003 | AR-BHAM | ||
| 005 | 20130507142954.0 | ||
| 008 | 130507s1958##################000#0#####d | ||
| 082 | 9 | 2 | |a 928 |
| 100 | 1 | |a Yunque, Alvaro | |
| 245 | 1 | 0 | |a Anibal ponce o los deberes de la inteligencia / |c Alvaro Yunque |
| 260 | |a Buenos Aires : |b Futuro, |c 1958 | ||
| 300 | |a 94 p. | ||
| 490 | 0 | |a Serie De Escritores Modernos | |
| 653 | |a Donacion lejarraga | ||
| 653 | |a Biografias | ||
| 653 | |a Biografias de escritores | ||
| 859 | |a AR-BHAM |b BIB. HUMANIDADES - General |h 928 |i P773Y |p 126.02 |t Ej.1 | ||
